| 000 | 01263nam a2200313 i 4500 | ||
|---|---|---|---|
| 003 | EG-GICUC | ||
| 005 | 20260121101722.0 | ||
| 008 | 260113s2010 ua ||||fr|||| 001 0 ara d | ||
| 040 |
_a EG-GICUC _bara _c EG-GICUC _d EG-GICUC _erda |
||
| 041 | _aara | ||
| 082 | 0 | 4 |
_a343.425 _bش ر . ج _221 |
| 092 | 0 | 4 | _221 |
| 099 | _aLaw1 10 343.425 ش ر . ج 2010 1006354 | ||
| 100 | 0 |
_aشريف سيد كامل. _eمؤلف. |
|
| 245 | 1 | 0 |
_aجرائم النشر في القانون المصري على ضوء التعديلات المستحدثة بالقانون رقم 147 لسنة 2006 / _cدكتور شريف سيد كامل. |
| 264 | 1 |
_aالقاهرة : _bدار النهضة العربية، _c2010. |
|
| 300 |
_a356 صفحة ؛ _c24 سم. |
||
| 336 |
_2rda content _atext |
||
| 337 |
_2rda media _aComputer |
||
| 338 |
_2rda carrier _aOnline Resource |
||
| 504 | _aيشتمل على ارجاعات ببليوجرافية. | ||
| 546 | _aالنص باللغة العربية | ||
| 650 | 1 |
_aالتشريعات المتعلقة بالصحافة. _2qrmak |
|
| 650 | 1 |
_aالتشريعات الجنائية الخاصة. _2qrmak |
|
| 651 | 1 | _2qrmak | |
| 856 | 4 | 0 | _uhttps://fll.law.cu.edu.eg/fulltext/bks/B10-06354.pdf |
| 905 | _a18 | ||
| 942 |
_2ddc _n0 _cBK _e21 |
||
| 999 |
_c56727 _d56727 |
||